The teaching of Jesus: (Record no. 5055)

000 -LEADER
fixed length control field 00584nam a2200181 a 4500
001 - CONTROL NUMBER
control field :::00002796$&:&@@
003 - CONTROL NUMBER IDENTIFIER
control field OkBaRHE
005 - DATE AND TIME OF LATEST TRANSACTION
control field 20000607103257.0
008 - FIXED-LENGTH DATA ELEMENTS--GENERAL INFORMATION
fixed length control field s1907 j 000 0 eng u
040 ## - CATALOGING SOURCE
Transcribing agency
100 1# - MAIN ENTRY--PERSONAL NAME
Personal name Hoyt, Wayland.
245 14 - TITLE STATEMENT
Title The teaching of Jesus:
Remainder of title concerning His own person.
260 ## - PUBLICATION, DISTRIBUTION, ETC. (IMPRINT)
Place of publication, distribution, etc Philadelphia, PA., :
Name of publisher, distributor, etc American Baptist Publication Society
Date of publication, distribution, etc c1907
300 ## - PHYSICAL DESCRIPTION
Extent 200 p. ;
Dimensions 19 cm.
650 ## - SUBJECT ADDED ENTRY--TOPICAL TERM
Topical term or geographic name as entry element Jesus Christ
General subdivision Teachings
942 ## - ADDED ENTRY ELEMENTS (KOHA)
Source of classification or shelving scheme
Koha item type Books
Copies
Copy number Full call number Not for loan Lost status Date last seen Barcode Damaged status Withdrawn status Date acquired Koha item type Permanent Location Price effective from Source of classification or shelving scheme Shelving location
1BS 2417 .H58  2018-03-162796  2010-04-14BooksRHEMA Bible Training College2010-04-14 General Stacks